A Turócz-Szt.-Mártoni Magy. Kir. Állami Felső Kereskedelmi... č.I-IX,1899/1900
| Format: | Book |
|---|---|
| Language: | Undetermined |
| Published: |
Turócz-Szt.-Márton
[s.l.]
1900
|
MARC
| LEADER | 00000nam a2200000 a 4500 | ||
|---|---|---|---|
| 001 | vtls001410418 | ||
| 003 | SK-MaSNL | ||
| 005 | 20260224112604.0 | ||
| 008 | 180810s1900 xx 0 und | ||
| 035 | |a SNK000365112 | ||
| 040 | |a SNK |b slo |c SNK |e AACR2 | ||
| 041 | 0 | |a und | |
| 044 | |a xx | ||
| 245 | 1 | |a A Turócz-Szt.-Mártoni Magy. Kir. Állami Felső Kereskedelmi... č.I-IX,1899/1900 | |
| 260 | |a Turócz-Szt.-Márton |b [s.l.] |c 1900 | ||
| 958 | |a ONDV | ||
| 999 | |c 983713 |d 985643 | ||
| 952 | |a SNK |b SNK |y PREZ |7 0 |p 17A0294779 |o snkČSC 236/1899-1900 |i snk3330/29 |0 0 |1 0 |4 0 |d 2001-03-28 |l 0 |r 2005-01-02 00:00:00 |w 2026-02-24 | ||


